000 00992nam a2200325Ia 4500
001 41477
003 IT-RoPAU
008 130308s9999 xx 000 0 und d
040 _aIT-RoPAU
040 _cIT-RoPAU
041 _aFRANCESE
100 _aBaumol Hilda
100 _gCodice Aut. SPICS: 17997
245 _aAvenir du theatre et le probleme des couts du spectacle vivant (L')
245 _bEconomie Du Spectacle vivant et l'audiovisuel (L')-Nice 1984
250 _a1a ed.
260 _aPARIS
260 _bDocumentation Francaise
260 _c1985 [1° Ed.:1985 - Ed.Ling.Originale:1984]
300 _a"32 p. (prefazione: no ; testo: 32 [pagine: 39-70])"
500 _aAvvenire del Teatro Problema dei costi nel Teatro Liste di grafici e Tabelle dei Costi
650 _aSAGGI DI TEATRO
650 _eCodice materia Spics: 8411
700 _aBaumol William
700 _gCodice Aut. SPICS: 17998
942 _cBK
957 _71
999 _c62555
_d62555
999 _bSI
999 _g1